Normal view MARC view

Entry Términos de género/forma

Number of records used in: 19

001 - NÚMERO DE CONTROL

  • campo de control: 233883

003 - IDENTIFICADOR DE NÚMERO DE CONTROL

  • campo de control: ES-MaACL

005 - FECHA Y HORA DE LA ÚLTIMA TRANSACCIÓN

  • campo de control: 20230726142935.0

008 - ELEMENTOS DE DATO DE LONGITUD-FIJA

  • campo de control de longitud fija: 230726|| aca||aabn | a|a d

040 ## - FUENTE DE CATALOGACIÓN

  • Centro catalogador/agencia de origen: ES-MaACL
  • Centro/agencia transcriptor: ES-MaACL

155 ## - ENCABEZAMIENTO--TÉRMINO DE GÉNERO/FORMA

  • Término de género/forma: Novelas psicológicas

670 ## - FUENTE DE DATOS ENCONTRADOS

  • Cita de la fuente: Work cat.: (ES-MaACL)193057: Barneda, Sandra 1975- 233882, Las olas del tiempo perdido /